[Event "Moscow op-E"]
[Site "Moscow"]
[Date "2011.02.06"]
[Round "9.41"]
[White "Petrosyan, Manuel"]
[Black "Peregudov, Nikolay"]
[Result "1-0"]
[WhiteElo "2070"]
[BlackElo "2415"]
[PlyCount "127"]
[EventDate "2011.01.29"]
[EventType "swiss"]
[EventRounds "9"]
[EventCountry "RUS"]
[SourceTitle "EXT 2022"]
[Source "ChessBase"]
[SourceDate "2021.10.06"]
[SourceVersion "1"]
[SourceVersionDate "2021.10.06"]
[SourceQuality "1"]

1. d4 Nf6 2. Nf3 d6 3. Nc3 Nbd7 4. e4 e5 5. Bc4 Be7 6. 0-0 0-0 7. h3 c6 8. a4 Qc7 9. Qe2 a5 10. Be3 exd4 11. Nxd4 Nc5 12. Bf4 Re8 13. Rfe1 Qb6 14. Nb3 Ncd7 15. Be3 Qc7 16. Nd4 Ne5 17. Bb3 Bf8 18. f4 Ng6 19. Qf3 Nd7 20. Bf2 Nc5 21. Ba2 Be7 22. Rad1 Bd7 23. Kh1 b6 24. Nb3 Na6 25. Nd2 Rab8 26. Nc4 Nb4 27. Bb3 Be6 28. Ne3 Bxb3 29. cxb3 Na6 30. Nf5 Nc5 31. Ne2 Bf8 32. Ned4 Rbd8 33. h4 d5 34. e5 Ne4 35. h5 Ne7 36. Bh4 Nxf5 37. Nxf5 Rb8 38. Ng3 Nc5 39. Nf5 g6 40. hxg6 fxg6 41. Ng3 Bg7 42. Re2 Rf8 43. Qg4 Rbe8 44. Rf1 Bh6 45. Nh5 Ne4 46. Rxe4 dxe4 47. Nf6+ Rxf6 48. Bxf6 Qf7 49. Qh3 Bg7 50. Bxg7 Kxg7 51. Qe3 c5 52. Qxe4 Qxb3 53. f5 gxf5 54. Rxf5 Qe6 55. Qg4+ Qg6 56. Rg5 Rxe5 57. Rxg6+ hxg6 58. Qd7+ Kh6 59. Qd6 Re4 60. Qxb6 Rxa4 61. Qxc5 Rb4 62. Qe3+ Kh5 63. Qe5+ Kh6 64. Kh2 1-0

[Event "Moscow op-E"]
[Site "Moscow"]
[Date "2011.02.03"]
[Round "6.76"]
[White "Peregudov, Nikolay"]
[Black "Papazian, Eduard"]
[Result "1-0"]
[WhiteElo "2415"]
[BlackElo "2151"]
[PlyCount "61"]
[EventDate "2011.01.29"]
[EventType "swiss"]
[EventRounds "9"]
[EventCountry "RUS"]
[SourceTitle "EXT 2022"]
[Source "ChessBase"]
[SourceDate "2021.10.06"]
[SourceVersion "1"]
[SourceVersionDate "2021.10.06"]
[SourceQuality "1"]

1. d4 d5 2. c4 e6 3. Nc3 c6 4. e3 Nf6 5. Nf3 Nbd7 6. Qc2 Bd6 7. c5 Bc7 8. b4 a6 9. Bb2 e5 10. dxe5 Nxe5 11. Nd4 0-0 12. h3 Re8 13. Be2 Ng6 14. 0-0-0 Qe7 15. g4 a5 16. a3 axb4 17. axb4 Bd7 18. g5 Ne4 19. Nxe4 dxe4 20. h4 b6 21. h5 Ne5 22. Qxe4 bxc5 23. Nf5 Bxf5 24. Qxf5 c4 25. g6 hxg6 26. hxg6 fxg6 27. Bxe5 Qxb4 28. Rd7 Qa3+ 29. Kd1 Qb3+ 30. Ke1 Qb4+ 31. Kf1 1-0

[Event "Moscow op-E"]
[Site "Moscow"]
[Date "2011.01.31"]
[Round "3.47"]
[White "Kukhmazov, Arsen"]
[Black "Peregudov, Nikolay"]
[Result "0-1"]
[WhiteElo "2074"]
[BlackElo "2415"]
[PlyCount "122"]
[EventDate "2011.01.29"]
[EventType "swiss"]
[EventRounds "9"]
[EventCountry "RUS"]
[SourceTitle "EXT 2022"]
[Source "ChessBase"]
[SourceDate "2021.10.06"]
[SourceVersion "1"]
[SourceVersionDate "2021.10.06"]
[SourceQuality "1"]

1. d4 Nf6 2. c4 c5 3. d5 e6 4. Nc3 exd5 5. cxd5 d6 6. e4 g6 7. Nf3 Bg7 8. Be2 0-0 9. 0-0 a6 10. a4 Bg4 11. Nd2 Bxe2 12. Qxe2 Nbd7 13. Nc4 Qe7 14. Bf4 Ne8 15. Rfe1 Ne5 16. h3 Nc7 17. Nxe5 Bxe5 18. Bxe5 Qxe5 19. Rad1 b5 20. axb5 axb5 21. Nxb5 Nxb5 22. Qxb5 Rab8 23. Qd3 Rxb2 24. Rd2 Rb4 25. Qe3 Re8 26. Rde2 Kg7 27. f4 Qd4 28. Qxd4+ Rxd4 29. Kf2 f5 30. e5 Rxf4+ 31. Kg3 Rd4 32. exd6 Rxe2 33. Rxe2 Rxd5 34. Re7+ Kf6 35. Rxh7 Rxd6 36. Rc7 Rd3+ 37. Kf2 Rc3 38. Rc6+ Kg5 39. Ke2 c4 40. Kf2 Rc1 41. Kg3 Rc3+ 42. Kf2 Kh5 43. Rc5 Rc2+ 44. Kg3 Rc1 45. Kh2 Rc3 46. Kg1 Rc1+ 47. Kh2 Kh4 48. Rc6 Kg5 49. Kg3 f4+ 50. Kf3 Rc3+ 51. Kf2 Kf5 52. Rc5+ Ke4 53. Rg5 Rg3 54. Rc5 Kd4 55. Rc8 g5 56. h4 gxh4 57. Rd8+ Ke4 58. Re8+ Kd3 59. Rd8+ Kc2 60. Rd4 c3 61. Rxf4 Rd3 0-1

[Event "Moscow op-E"]
[Site "Moscow"]
[Date "2011.01.29"]
[Round "1.73"]
[White "Nesterov, Sergei"]
[Black "Peregudov, Nikolay"]
[Result "0-1"]
[WhiteElo "1997"]
[BlackElo "2415"]
[PlyCount "66"]
[EventDate "2011.01.29"]
[EventType "swiss"]
[EventRounds "9"]
[EventCountry "RUS"]
[SourceTitle "EXT 2022"]
[Source "ChessBase"]
[SourceDate "2021.10.06"]
[SourceVersion "1"]
[SourceVersionDate "2021.10.06"]
[SourceQuality "1"]

1. e4 c5 2. Nf3 d6 3. Bb5+ Bd7 4. Bxd7+ Qxd7 5. 0-0 Nc6 6. c3 Nf6 7. d4 cxd4 8. cxd4 Nxe4 9. d5 Nb8 10. Re1 Nf6 11. Bg5 Na6 12. Nc3 h6 13. Bxf6 gxf6 14. Ne4 0-0-0 15. Qd4 Kb8 16. a4 Rg8 17. Ng3 Nc5 18. Qe3 f5 19. Nd4 f4 20. Qxf4 Rg4 21. Qe3 Bg7 22. Ndf5 Bxb2 23. Rab1 Be5 24. Qxh6 Rh8 25. Qc1 Nd3 26. Qd1 Rxg3 27. Rxe5 Rxg2+ 28. Kxg2 Nxe5 29. Qb3 b6 30. Ng3 Qh3+ 31. Kg1 f5 32. a5 f4 33. axb6 a6 0-1

[Event "Izmailov Memorial op 13th"]
[Site "Tomsk"]
[Date "2009.06.24"]
[Round "1"]
[White "Ismailov, Mukhit"]
[Black "Peregudov, Nikolay"]
[Result "1/2-1/2"]
[WhiteElo "2037"]
[BlackElo "2403"]
[PlyCount "26"]
[EventDate "2009.06.24"]
[EventType "swiss"]
[EventRounds "9"]
[EventCountry "RUS"]
[SourceTitle "EXT 2010"]
[Source "ChessBase"]
[SourceDate "2010.11.25"]
[SourceVersion "1"]
[SourceVersionDate "2010.11.25"]
[SourceQuality "1"]

1. d4 Nf6 2. c4 d6 3. Nf3 Nbd7 4. Nc3 e5 5. e4 c6 6. Be2 Be7 7. 0-0 0-0 8. h3 h6 9. a3 b6 10. Be3 Bb7 11. b4 Re8 12. d5 c5 13. b5 a5 1/2-1/2

[Event "Izmailov Memorial op 12th"]
[Site "Tomsk"]
[Date "2008.07.01"]
[Round "7"]
[White "Temirbayev, Serikbay"]
[Black "Peregudov, Nikolay"]
[Result "1-0"]
[WhiteElo "2485"]
[BlackElo "2402"]
[PlyCount "81"]
[EventDate "2008.06.25"]
[EventType "swiss"]
[EventRounds "9"]
[EventCountry "RUS"]
[SourceTitle "CBM 125 Extra"]
[Source "ChessBase"]
[SourceDate "2008.09.01"]
[SourceVersion "1"]
[SourceVersionDate "2008.09.01"]
[SourceQuality "1"]

1. d4 Nf6 2. c4 c5 3. d5 e6 4. Nc3 d6 5. e4 exd5 6. cxd5 g6 7. f4 Bg7 8. Bb5+ Nfd7 9. Bd3 0-0 10. Nf3 a6 11. a4 Qc7 12. 0-0 c4 13. Bc2 Nc5 14. Be3 Bg4 15. Kh1 Nbd7 16. Bd4 Bh6 17. h3 Bxf3 18. Qxf3 Rab8 19. Rad1 f6 20. Bg1 Rfe8 21. Ne2 Qa5 22. Nd4 Qb4 23. Qg4 Bg7 24. Rb1 Re7 25. Ne6 Nxa4 26. Bd4 Nac5 27. Bc3 Qb5 28. h4 Nd3 29. Bxd3 cxd3 30. f5 gxf5 31. Rxf5 Rbe8 32. Rh5 Ne5 33. Bxe5 dxe5 34. Rd1 Qxb2 35. Rxd3 Qb1+ 36. Rd1 Qb3 37. Rc1 Qe3 38. Rf1 Kh8 39. Qg6 Bf8 40. Qxf6+ Bg7 41. Qg6 1-0

[Event "Moscow op-A 04th"]
[Site "Moscow"]
[Date "2008.02.08"]
[Round "7"]
[White "Usov, Ilia Nik"]
[Black "Peregudov, Nikolay"]
[Result "0-1"]
[WhiteElo "2028"]
[BlackElo "2398"]
[PlyCount "76"]
[EventDate "2008.02.02"]
[EventType "swiss"]
[EventRounds "9"]
[EventCountry "RUS"]
[SourceTitle "CBM 122 Extra"]
[Source "ChessBase"]
[SourceDate "2008.03.04"]
[SourceVersion "1"]
[SourceVersionDate "2008.03.04"]
[SourceQuality "1"]

1. e4 c5 2. Nf3 e6 3. d4 cxd4 4. Nxd4 a6 5. Bd3 Qc7 6. a3 Nf6 7. Nc3 Be7 8. Nb3 Nc6 9. f4 d6 10. 0-0 b5 11. Bd2 Bb7 12. Qf3 h5 13. Rae1 Kf8 14. Kh1 Kg8 15. Qh3 Re8 16. f5 exf5 17. Qxf5 Ne5 18. Nd4 g6 19. Qf4 h4 20. Be2 h3 21. Bf3 hxg2+ 22. Kxg2 Qd7 23. Qg3 Nh5 24. Bxh5 Rxh5 25. Nf3 Nc4 26. Bc1 Bf6 27. Ng5 Be5 28. Bf4 Bg7 29. Bc1 Re7 30. b3 Ne5 31. Nd5 Bxd5 32. exd5 Qc8 33. Re2 Rc7 34. Rff2 Rc3 35. Qf4 Bh6 36. Rxe5 f5 37. Re8+ Qxe8 38. Qd4 Qe5 0-1

[Event "Moscow op-A 04th"]
[Site "Moscow"]
[Date "2008.02.03"]
[Round "2"]
[White "Peregudov, Nikolay"]
[Black "Pletnev, Evgeniy"]
[Result "1-0"]
[WhiteElo "2398"]
[BlackElo "2285"]
[PlyCount "79"]
[EventDate "2008.02.02"]
[EventType "swiss"]
[EventRounds "9"]
[EventCountry "RUS"]
[SourceTitle "CBM 122 Extra"]
[Source "ChessBase"]
[SourceDate "2008.03.04"]
[SourceVersion "1"]
[SourceVersionDate "2008.03.04"]
[SourceQuality "1"]

1. d4 f5 2. Nf3 Nf6 3. c4 g6 4. g3 Bg7 5. Bg2 0-0 6. 0-0 d6 7. Nc3 c6 8. b3 Qc7 9. Ba3 a5 10. Rc1 Na6 11. d5 Bd7 12. Nd4 Nb4 13. Qd2 Rae8 14. Rfd1 Rf7 15. e3 Ng4 16. h3 Nf6 17. Qe2 e5 18. dxe6 Bxe6 19. Nxe6 Rxe6 20. Nd5 Qd8 21. Nxb4 axb4 22. Bxb4 Ne4 23. Be1 g5 24. Qc2 Qe7 25. f3 Nc5 26. Bf2 f4 27. exf4 gxf4 28. g4 Nd7 29. Re1 Ne5 30. Re4 h5 31. Rce1 hxg4 32. hxg4 Qg5 33. Kf1 Rh6 34. Qe2 c5 35. Qd2 Rh2 36. Qxd6 Nxg4 37. Re8+ Bf8 38. fxg4 Qxg4 39. Rxf8+ Rxf8 40. Bd5+ 1-0

[Event "Izmailov Memorial op 10th"]
[Site "Tomsk"]
[Date "2006.07.18"]
[Round "7"]
[White "Peregudov, Nikolay"]
[Black "Davidov, Roman"]
[Result "1-0"]
[WhiteElo "2382"]
[BlackElo "2283"]
[PlyCount "93"]
[EventDate "2006.07.12"]
[EventType "swiss"]
[EventRounds "9"]
[EventCountry "RUS"]
[SourceTitle "EXT 2008"]
[Source "ChessBase"]
[SourceDate "2007.11.25"]
[SourceVersion "1"]
[SourceVersionDate "2007.11.25"]
[SourceQuality "1"]

1. d4 Nf6 2. c4 c5 3. d5 b5 4. cxb5 a6 5. b6 d6 6. Nc3 g6 7. Qb3 Bb7 8. a4 a5 9. e4 Nbd7 10. Bb5 Bg7 11. Nf3 0-0 12. 0-0 Nxb6 13. Bf4 Rc8 14. Rad1 c4 15. Qc2 Nfd7 16. Nd4 Nc5 17. Nc6 Bxc6 18. dxc6 Bxc3 19. bxc3 f5 20. exf5 Rxf5 21. Be3 Qf8 22. Rfe1 Qf7 23. f3 Rc7 24. Bd4 Rh5 25. h3 Rc8 26. Re3 Rd5 27. Re2 Rc7 28. Red2 Rg5 29. Be3 Re5 30. Bf2 Qe6 31. Bg3 Re3 32. Bf2 Re5 33. Kh2 Kf8 34. Bg3 d5 35. Bxe5 Qxe5+ 36. Kh1 e6 37. Re2 Qg3 38. Qd2 Re7 39. Qd4 Ncxa4 40. Qh8+ Kf7 41. Qxh7+ Kf6 42. Qh8+ Kf7 43. Bxa4 Nxa4 44. Rxd5 Nxc3 45. Rd8 e5 46. Qg8+ Kf6 47. Rd6+ 1-0

[Event "Izmailov Memorial op 10th"]
[Site "Tomsk"]
[Date "2006.07.16"]
[Round "5"]
[White "Peregudov, Nikolay"]
[Black "Rysbayeva, Aigerim"]
[Result "1-0"]
[WhiteElo "2382"]
[BlackElo "2009"]
[PlyCount "120"]
[EventDate "2006.07.12"]
[EventType "swiss"]
[EventRounds "9"]
[EventCountry "RUS"]
[SourceTitle "EXT 2008"]
[Source "ChessBase"]
[SourceDate "2007.11.25"]
[SourceVersion "1"]
[SourceVersionDate "2007.11.25"]
[SourceQuality "1"]

1. c4 c5 2. Nf3 Nf6 3. Nc3 d5 4. cxd5 Nxd5 5. e4 Nb4 6. Bb5+ Bd7 7. Bc4 e6 8. 0-0 Be7 9. a3 N4a6 10. d3 Nc7 11. Bf4 Nc6 12. h4 0-0 13. h5 Nd4 14. Nxd4 cxd4 15. Ne2 Bc6 16. Qd2 Rc8 17. Rac1 Ne8 18. f3 h6 19. b4 b5 20. Ba2 Qb6 21. Qb2 Rd8 22. Rc2 Bb7 23. Rfc1 a6 24. Bg3 Bd6 25. Bf2 e5 26. Bh4 Rd7 27. Ng3 Bb8 28. Rc5 Bd6 29. Nf5 Bxc5 30. bxc5 Qc7 31. c6 Bxc6 32. Bd5 Bxd5 33. Rxc7 Nxc7 34. Ne7+ Kh8 35. exd5 Nxd5 36. Nxd5 Rxd5 37. Qc2 f6 38. Qc6 Rfd8 39. Qxa6 Kh7 40. Qe6 R8d6 41. Qf5+ Kh8 42. Be1 Rc6 43. Bb4 Rc8 44. Kh2 Rdd8 45. Kg3 Ra8 46. Be7 Re8 47. Qd7 Rab8 48. Kg4 Rg8 49. Kf5 Kh7 50. g3 Rbe8 51. f4 exf4 52. gxf4 Rb8 53. Qxd4 Rbe8 54. Qd7 Rb8 55. d4 Rbe8 56. d5 Rb8 57. Ke6 Rge8 58. Kf7 Rg8 59. Qf5+ Kh8 60. Qg6 Rb7 1-0

[Event "Izmailov Memorial op 10th"]
[Site "Tomsk"]
[Date "2006.07.12"]
[Round "1"]
[White "Peregudov, Nikolay"]
[Black "Kulakova, Veronika"]
[Result "1-0"]
[WhiteElo "2382"]
[BlackElo "2075"]
[PlyCount "33"]
[EventDate "2006.07.12"]
[EventType "swiss"]
[EventRounds "9"]
[EventCountry "RUS"]
[SourceTitle "EXT 2008"]
[Source "ChessBase"]
[SourceDate "2007.11.25"]
[SourceVersion "1"]
[SourceVersionDate "2007.11.25"]
[SourceQuality "1"]

1. d4 c5 2. d5 e6 3. c4 exd5 4. cxd5 d6 5. Nc3 g6 6. Nf3 Nh6 7. h3 Bg7 8. g4 0-0 9. Bg2 a6 10. a4 b6 11. Ng5 Ra7 12. Bf4 Nd7 13. Qc1 Ne5 14. Nf3 Nxf3+ 15. Bxf3 Re8 16. Bxh6 Bd4 17. Bg5 1-0

[Event "Tomsk mix"]
[Site "Tomsk"]
[Date "2006.??.??"]
[Round "?"]
[White "Kagirov, Ravil"]
[Black "Peregudov, Nikolay"]
[Result "1-0"]
[WhiteElo "2275"]
[BlackElo "2380"]
[PlyCount "73"]
[EventDate "2006.??.??"]
[EventType "tourn"]
[EventRounds "9"]
[EventCountry "RUS"]
[SourceTitle "EXT 2008"]
[Source "ChessBase"]
[SourceDate "2007.11.25"]
[SourceVersion "1"]
[SourceVersionDate "2007.11.25"]
[SourceQuality "1"]

1. e4 c5 2. Nc3 e6 3. g4 Nc6 4. Bg2 g6 5. d3 Bg7 6. Be3 d6 7. Nge2 Nge7 8. Qd2 0-0 9. Bh6 e5 10. Bxg7 Kxg7 11. h3 Nd4 12. f4 exf4 13. Nxf4 Nec6 14. 0-0 Be6 15. Nd1 h6 16. c3 Nb5 17. Ne3 Qg5 18. a4 Nc7 19. d4 Na5 20. Qf2 c4 21. h4 Qd8 22. Qg3 Kh7 23. Rf2 Qe7 24. Raf1 Rad8 25. Bf3 a6 26. Bd1 d5 27. Bc2 dxe4 28. Bxe4 Kg7 29. Nxe6+ Nxe6 30. Qe5+ Kg8 31. Nd5 Rxd5 32. Bxd5 Nc6 33. Qf6 Qxf6 34. Rxf6 Ncd8 35. Bxc4 Kg7 36. Bxe6 Nxe6 37. Rxe6 1-0

[Event "Tomsk mix"]
[Site "Tomsk"]
[Date "2006.??.??"]
[Round "?"]
[White "Peregudov, Nikolay"]
[Black "Kirillov, Andrey"]
[Result "1-0"]
[WhiteElo "2380"]
[BlackElo "2370"]
[PlyCount "89"]
[EventDate "2006.??.??"]
[EventType "tourn"]
[EventRounds "9"]
[EventCountry "RUS"]
[SourceTitle "EXT 2008"]
[Source "ChessBase"]
[SourceDate "2007.11.25"]
[SourceVersion "1"]
[SourceVersionDate "2007.11.25"]
[SourceQuality "1"]

1. d4 d5 2. c4 c6 3. Nf3 Nf6 4. Nc3 a6 5. c5 Nbd7 6. Bf4 Nh5 7. Bd2 g6 8. e3 Bg7 9. Be2 0-0 10. 0-0 Re8 11. Ne1 e5 12. Bxh5 gxh5 13. Qxh5 exd4 14. exd4 Bxd4 15. Nf3 Bg7 16. Ng5 Re7 17. Qxh7+ Kf8 18. Rae1 Ne5 19. Qh5 Bf5 20. Nh7+ Bxh7 21. Qxh7 Re6 22. Bf4 Qf6 23. Bxe5 Rxe5 24. Rxe5 Qxe5 25. Qd3 Re8 26. g3 Qe7 27. b4 a5 28. a3 axb4 29. axb4 b6 30. Na4 b5 31. Nb6 Kg8 32. Qf5 Qe6 33. Qg5 Qg6 34. Qd2 Qg4 35. Re1 Re6 36. Kg2 Rxe1 37. Qxe1 Qe4+ 38. Qxe4 dxe4 39. Nc8 Bc3 40. Ne7+ Kf8 41. Nxc6 Ke8 42. Na7 Bxb4 43. c6 Bd6 44. Nxb5 Be5 45. g4 1-0

[Event "RUS-Cup"]
[Site "Krasnoyarsk"]
[Date "1998.??.??"]
[Round "7"]
[White "Peregudov, Nikolay"]
[Black "Salinnikov, Denis Y"]
[Result "1-0"]
[WhiteElo "2415"]
[BlackElo "2370"]
[PlyCount "81"]
[EventDate "1998.??.??"]
[EventType "swiss"]
[EventRounds "9"]
[EventCountry "RUS"]
[SourceTitle "EXT 2000"]
[Source "ChessBase"]
[SourceDate "1999.11.16"]
[SourceVersion "1"]
[SourceVersionDate "1999.11.16"]
[SourceQuality "1"]

1. Nf3 Nf6 2. c4 g6 3. Nc3 Bg7 4. g3 0-0 5. Bg2 d6 6. 0-0 e5 7. d3 Nc6 8. Bg5 h6 9. Bxf6 Bxf6 10. Rb1 Bg7 11. b4 Be6 12. b5 Ne7 13. Qc2 Qd7 14. Rfc1 c6 15. Nd2 f5 16. bxc6 bxc6 17. Rb4 Rab8 18. Rcb1 Rxb4 19. Rxb4 a5 20. Ra4 e4 21. dxe4 c5 22. Nb5 f4 23. Rxa5 Nc6 24. Ra3 Ne5 25. Ra7 Qd8 26. gxf4 Rxf4 27. f3 Qg5 28. Kh1 Rh4 29. Nf1 Nxc4 30. Qb3 Qe5 31. Nc7 Bf7 32. Qd3 Nb2 33. Qc2 Qh5 34. e3 Nc4 35. Qf2 g5 36. Ng3 Rxh2+ 37. Kg1 Qh4 38. Nd5 Be5 39. Ne7+ Kf8 40. Ra8+ Be8 41. Ng6+ 1-0

[Event "Prokojevsk"]
[Site "Prokojevsk"]
[Date "1998.??.??"]
[Round "4"]
[White "Peregudov, Nikolay"]
[Black "Siuniakov, Igor"]
[Result "1/2-1/2"]
[WhiteElo "2415"]
[BlackElo "2415"]
[PlyCount "28"]
[EventDate "1998.??.??"]
[EventType "tourn"]
[EventRounds "13"]
[EventCountry "UZB"]
[SourceTitle "EXT 2001"]
[Source "ChessBase"]
[SourceDate "2000.11.22"]
[SourceVersion "1"]
[SourceVersionDate "2000.11.22"]
[SourceQuality "1"]

1. d4 Nf6 2. Nf3 g6 3. g3 Bg7 4. Bg2 0-0 5. 0-0 d6 6. c4 Nbd7 7. Nc3 e5 8. b3 Re8 9. Bb2 exd4 10. Nxd4 Nc5 11. Qc2 c6 12. Rad1 Qb6 13. h3 a5 14. e3 a4 1/2-1/2

[Event "Prokojevsk"]
[Site "Prokojevsk"]
[Date "1998.??.??"]
[Round "13"]
[White "Peregudov, Nikolay"]
[Black "Smirnov, Pavel"]
[Result "1-0"]
[WhiteElo "2415"]
[BlackElo "2365"]
[PlyCount "83"]
[EventDate "1998.??.??"]
[EventType "tourn"]
[EventRounds "13"]
[EventCountry "UZB"]
[SourceTitle "EXT 2001"]
[Source "ChessBase"]
[SourceDate "2000.11.22"]
[SourceVersion "1"]
[SourceVersionDate "2000.11.22"]
[SourceQuality "1"]

1. d4 Nf6 2. c4 g6 3. Nc3 Bg7 4. e4 d6 5. f3 0-0 6. Be3 e5 7. d5 c6 8. Qd2 cxd5 9. cxd5 a6 10. Nge2 Nbd7 11. g4 h5 12. h3 Nh7 13. 0-0-0 h4 14. Rg1 b5 15. b3 Nc5 16. Kb2 b4 17. Nb1 a5 18. Nc1 Bd7 19. Nd3 a4 20. Nxc5 dxc5 21. Bc4 Qa5 22. Qd3 axb3 23. axb3 Kh8 24. Rd2 Bf6 25. g5 Bg7 26. Bf2 f6 27. gxf6 Bxf6 28. Be3 Bg7 29. Qf1 Rf6 30. Rc2 Bf8 31. Qf2 Bd6 32. Qxh4 Rxf3 33. Rxg6 Rxe3 34. Rh6 Qa1+ 35. Kc1 Re1+ 36. Qxe1 Be7 37. Rg2 Rg8 38. Rhg6 Rxg6 39. Rxg6 Qd4 40. d6 Bg5+ 41. Rxg5 Nxg5 42. Qh4+ 1-0

[Event "Prokojevsk"]
[Site "Prokojevsk"]
[Date "1998.??.??"]
[Round "5"]
[White "Yankin, Vadim Nailievich"]
[Black "Peregudov, Nikolay"]
[Result "1-0"]
[WhiteElo "2280"]
[BlackElo "2415"]
[PlyCount "37"]
[EventDate "1998.??.??"]
[EventType "tourn"]
[EventRounds "13"]
[EventCountry "UZB"]
[SourceTitle "EXT 2001"]
[Source "ChessBase"]
[SourceDate "2000.11.22"]
[SourceVersion "1"]
[SourceVersionDate "2000.11.22"]
[SourceQuality "1"]

1. e4 c6 2. d4 d5 3. Nd2 dxe4 4. Nxe4 Bf5 5. Ng3 Bg6 6. h4 h6 7. N1e2 Nf6 8. Nf4 Bh7 9. Bc4 e5 10. Qe2 Qxd4 11. 0-0 Be7 12. Rd1 Qc5 13. Be3 Qa5 14. b4 Qxb4 15. Rab1 Qa5 16. Rxb7 Nbd7 17. Nfh5 Rg8 18. Nxf6+ Nxf6 19. Bd2 1-0

[Event "RUS-Cup4"]
[Site "Perm"]
[Date "1997.02.13"]
[Round "6"]
[White "Temirbayev, Serikbay"]
[Black "Peregudov, Nikolay"]
[Result "0-1"]
[WhiteElo "2495"]
[BlackElo "2350"]
[PlyCount "86"]
[EventDate "1997.02.02"]
[EventType "swiss"]
[EventRounds "9"]
[EventCountry "RUS"]
[SourceTitle "CBM 058"]
[Source "ChessBase"]
[SourceDate "1997.06.01"]
[SourceVersion "1"]
[SourceVersionDate "1997.06.01"]
[SourceQuality "1"]

1. d4 Nf6 2. c4 d6 3. Nc3 e5 4. Nf3 Nbd7 5. g3 c6 6. Bg2 Be7 7. 0-0 0-0 8. e4 a6 9. d5 cxd5 10. cxd5 b5 11. Re1 Nb6 12. a3 Ne8 13. b3 Bd7 14. Be3 g6 15. a4 bxa4 16. Nxa4 Nxa4 17. bxa4 f5 18. exf5 gxf5 19. a5 Bf6 20. Bb6 Qe7 21. Nd4 Ng7 22. Rc1 Rfc8 23. Nc6 Qf7 24. Bf1 Bg5 25. Rc4 f4 26. Nb4 Rf8 27. Rc3 Bd8 28. Qd2 Bxb6 29. axb6 Rab8 30. Rc7 Rxb6 31. Nc6 Kh8 32. Bg2 fxg3 33. hxg3 Ne8 34. Ra7 Nf6 35. Bh3 Rb5 36. Be6 Qg7 37. Rxa6 Be8 38. Ra4 Rb3 39. Ra7 Rb7 40. Ra8 Rb3 41. Ra7 Rxg3+ 42. Kh2 Rg2+ 43. Kh1 Nd7 0-1

[Event "Seversk"]
[Site "Seversk"]
[Date "1997.??.??"]
[Round "13"]
[White "Balashov, Yuri S"]
[Black "Peregudov, Nikolay"]
[Result "1/2-1/2"]
[WhiteElo "2510"]
[BlackElo "2350"]
[PlyCount "24"]
[EventDate "1997.??.??"]
[EventType "tourn"]
[EventRounds "13"]
[EventCountry "RUS"]
[EventCategory "8"]
[SourceTitle "EXT 2000"]
[Source "ChessBase"]
[SourceDate "1999.11.16"]
[SourceVersion "1"]
[SourceVersionDate "1999.11.16"]
[SourceQuality "1"]

1. Nc3 Nf6 2. d4 d5 3. Bg5 c6 4. Nf3 Bf5 5. e3 e6 6. Bd3 Bxd3 7. cxd3 Be7 8. 0-0 0-0 9. Rc1 a5 10. Ne5 Nbd7 11. Nxd7 Nxd7 12. Bxe7 Qxe7 1/2-1/2

[Event "Seversk"]
[Site "Seversk"]
[Date "1997.??.??"]
[Round "2"]
[White "Frolov, Denis"]
[Black "Peregudov, Nikolay"]
[Result "0-1"]
[WhiteElo "2330"]
[BlackElo "2350"]
[PlyCount "98"]
[EventDate "1997.??.??"]
[EventType "tourn"]
[EventRounds "13"]
[EventCountry "RUS"]
[EventCategory "8"]
[SourceTitle "EXT 2000"]
[Source "ChessBase"]
[SourceDate "1999.11.16"]
[SourceVersion "1"]
[SourceVersionDate "1999.11.16"]
[SourceQuality "1"]

1. e4 c5 2. Nf3 e6 3. d4 cxd4 4. Nxd4 a6 5. Nc3 Qc7 6. Bd3 Nf6 7. 0-0 Nc6 8. Be3 Be7 9. f4 Bc5 10. Nf5 Qa5 11. Nxg7+ Kf8 12. Bxc5+ Qxc5+ 13. Kh1 Kxg7 14. e5 Ne8 15. Qh5 d5 16. f5 h6 17. Qg4+ Kf8 18. fxe6 Nd8 19. Bf5 h5 20. Qh3 Ng7 21. e7+ Kxe7 22. Qh4+ Ke8 23. Qf6 Nxf5 24. Qxh8+ Qf8 25. Qf6 Ne7 26. Na4 Be6 27. Nb6 Rb8 28. Rad1 Ndc6 29. Qf2 Rd8 30. Na4 Qg7 31. Nc5 Bc8 32. Nd3 Qh7 33. Qf6 h4 34. Nf4 h3 35. Nxh3 Bxh3 36. gxh3 Qe4+ 37. Qf3 Nxe5 38. Qg2 Qxg2+ 39. Kxg2 Rd6 40. Rfe1 Rg6+ 41. Kh1 f6 42. Rg1 Rh6 43. Rg3 Kd7 44. Rb3 Kc7 45. Rc3+ N5c6 46. Kg2 Kd6 47. a3 b5 48. Rcd3 Ne5 49. Rd4 Nc4 0-1